000 00825nam a2200229Ia 4500
003 OSt
005 20220923220823.0
006 a|||||r|||| 00| 0
007 ta
008 220922b |||||||| |||| 00| 0 hin d
024 _a190,922
037 _cTextual
040 _aARTS
_cARTS
_bhin
041 _2hin
_ahin
082 _aR65:6, 152G0.1
100 _aसातवंलेकर, श्रीपाद् दामोदरी, ब्उण्
_9164654
245 0 _aभग्वद्गीता पुरूषार्थ बोघिनि सहित
246 _aBhagvadgītā purūṣhārtha boghini sahita
260 _c1930
942 _hR65:6, 152G0.1
_cTEXL
_2CC
999 _c343643
_d343643